Statistics for Cities by their Countries' Smaller Cities #2

Click here to take the quiz!

General Stats

  • This quiz has been taken 293 times
  • The average score is 23 of 30

Answer Stats

4th citycity% Correct
Perth 1stSydney
98%
Sevilla 1stMadrid
96%
Sevilla 2ndBarcelona
95%
Perth 2ndMelbourne
95%
Novosibirsk 1stMoscow
95%
Lille 1stParis
94%
Novosibirsk 2ndSaint Petersburg
94%
Lille 3rdMarseille
91%
Lille 2ndLyon
89%
Porto Alegre 2ndRio de Janeiro
89%
Porto Alegre 1stSão Paulo
87%
Perth 3rdBrisbane
86%
Port Elizabeth 2ndCape Town
83%
Puebla 1stMexico City
82%
Sevilla 3rdValencia
82%
Port Elizabeth 1stJohannesburg
81%
Port Elizabeth 3rdDurban
75%
Puebla 2ndGuadalajara
74%
Mendoza 1stBuenos Aires
73%
Porto Alegre 3rdBelo Horizonte
71%
Rawalpindi 1stKarachi
71%
Rawalpindi 2ndLahore
71%
Puebla 3rdMonterrey
65%
Medan 1stJakarta
60%
Mendoza 2ndCórdoba
54%
Medan 3rdSurabaya
48%
Medan 2ndBandung
44%
Novosibirsk 3rdNizhny Novgorod
43%
Mendoza 3rdRosario
43%
Rawalpindi 3rdFaisalabad
38%

Score Distribution

Percentile by Number Answered

Percent of People with Each Score

Your Score History

You have not taken this quiz